000 01204pam a2200373 i 4500
999 _c588
_d588
001 016448168
003 Uk
005 20190829163237.0
008 130513r20131934enk 000 1 eng|d
015 _aGBB358776
_2bnb
016 7 _a016448168
_2Uk
020 _a9780007527502 (pbk.) :
020 _a9780008158613
_qBox set
040 _aStDuBDS
_beng
_cStDuBDS
_dUk
_erda
042 _aukblcatcopy
082 _aFIC CHR
100 1 _aChristie, Agatha,
_d1890-1976,
_eauthor.
245 1 0 _aMurder on the Orient Express /
_cAgatha Christie.
264 1 _aLondon :
_bHarper,
_c2013.
300 _a274 pages ;
_c20 cm.
336 _atext
_2rdacontent
337 _aunmediated
_2rdamedia
338 _avolume
_2rdacarrier
440 _aThe world's favourite Agatha Christie.
490 0 _aHercule Poirot Mystery
500 _aOriginally published: London: Collins, 1934.
500 _aFormerly CIP.
_5Uk
600 1 0 _aPoirot, Hercule
_c(Fictitious character)
_vFiction.
650 0 _aOrient Express (Express train)
_vFiction.
650 0 _aPrivate investigators
_zBelgium
_vFiction.
655 0 _aDetective and mystery stories.
942 _2ddc
_cFIC